000 00897nam a22002055i 4500
001 166538
003 ES-MaACL
005 20250730063147.0
008 990203s1794 sp |||| | spa d
040 _aBA
_bspa
_cBA
100 1 _aTorres Villarroel, Diego de,
_d1693-1770
_9111026
245 1 0 _aSueños morales. Los desahuciados del mundo y de la gloria
_b: sueño místico, moral y físico ... /
_ctrasladólo desde la fantasia al papel el Dr. D. Diego de Torres Villarroel ... ; tomo III.
260 _aMadrid :
_ben la Imprenta de la Viuda de Ibarra,
_c1794.
300 _a[10], 403 p. ;
_c8°.
596 _aMarca tip. en port.
597 _aSign. : A-Z8, 2A-B8, 2C6.
650 4 _aMuerte-
_xAspectos religiosos.
_915243
852 _aES-MaACL
_jR-2209
_z-- Enc. pasta española
_x-- Edic.: según Palau es el T. III de la segunda ed. de las "Obras"
999 _c166538
_d166538